| 000 | 00478nam a22001457a 4500 | ||
|---|---|---|---|
| 999 |
_c130558 _d130558 |
||
| 008 | 201028b ||||| |||| 00| 0 eng d | ||
| 020 | _a9780232520552 | ||
| 050 | _aR726.8.C42 | ||
| 100 |
_aCassidy, Sheila _910298 |
||
| 245 |
_aLight from the dark valley _breflections on suffering and the care of the dying _cCassidy, Sheila |
||
| 260 |
_aLondon _bDarton, Longman and Todd _c1994 |
||
| 300 |
_axii, 131p. ; _c20cm. |
||
| 650 |
_aHospice care _950023 |
||
| 942 |
_2lcc _cMONOGRAPH |
||